50 aéroports du monde les plus fréquentés d'après leur code IATA - Statistiques

Statistiques générales
  • Ce quiz a été pris 199 fois
  • Le résultat moyen est 28 sur 50
Statistiques - réponses
Millions de passagers code IATA Ville % Correct
107 ATL Atlanta
96%
71 AMS Amsterdam
94%
72,2 CDG Paris
94%
101 PEK Pékin
93%
87,5 LAX Los Angeles
89%
47,7 MEX Mexico
86%
89,1 DXB Dubaï
85%
57,9 MAD Madrid
85%
74,5 HKG Hong Kong
84%
61,6 JFK New York
84%
69,5 FRA Francfort-sur-le-Main
82%
44,5 SYD Sydney
78%
80,1 LHR Londres
76%
65,6 SIN Singapour
76%
68,2 IST Istanbul
74%
49,8 SEA Seattle
74%
45 MIA Miami
72%
44,9 PHX Phoenix
72%
50,1 BCN Barcelone
70%
49,9 LAS Las Vegas
67%
63,4 BKK Bangkok
66%
60 KUL Kuala Lumpur
65%
49,9 BOM Mumbai
65%
57,7 SFO San Francisco
63%
46,3 MUC Munich
58%
64,5 DEN Denver
55%
43 FCO Rome
53%
43,6 SHA Shanghai
50%
87,5 HND Tokyo
50%
49,5 YYZ Toronto
50%
46,4 LGW Londres
49%
83,3 ORD Chicago
47%
44,5 MNL Manille
46%
46,6 TPE Taipei
44%
42,6 NRT Tokyo
42%
68,4 ICN Seoul
39%
74 PVG Shanghai
36%
69,1 DFW Dallas
35%
46 EWR New York
33%
69,9 DEL Dehli
26%
43,8 IAH Houston
25%
66,9 CGK Jakarta
25%
47,7 MCO Orlando
25%
46,4 CLT Charlotte
21%
45,8 SVO Moscou
21%
49,3 SZX Shenzhen
21%
69,8 CAN Guangzhou
16%
44,7 XIY Xi'an
14%
53 CTU Chengdu
11%
47,2 KMG Kunming
10%
Aucun quiz correspondant
Distribution des résultats
% des personnes avec chaque résultat
Percentile par nombre de réponses
Votre historique - résultats
Vous n’avez pas pris ce quiz